00951nam a2200229 a 450000100100000000500170001000800410002702000150006804000250008308200170010810000370012524500790016226000340024130000280027549000270030350000700033050000340040083000340043495201150046895201210058399900170070400004267520201002040322.0140204s1988 sp a 001 0 spa d a843205867X aDO-SdBNPbspacBNPHU axxxxxbxxxxx1 aSánchez Vidal, Agustín9985110aBuñuel, Lorca, Dalí :bel enigma sin fin /cAgustín Sánchez Vidal. aBarcelona, :bPlaneta,c1988. a380 p. :bil. ;c23 cm.1 aLa linea del horizonte aIncluye datos biográficos del autor en la solapa de la cubierta aIncluye índice onomástico 0aLa linea del horizonte932941 001050718MOaGRbGRcHDd2014-02-04iLF1l0oxxxxx xxxxxp42675-10r2020-06-25w2020-06-25y1ZNo se presta 001050718MOaGRbGRcHDd2014-02-06iLF1l0oxxxxx xxxxxp42675-20r2020-06-25te. 2w2020-06-25y1ZNo se presta c42164d42164